000 00912nas a2200289 4500
001 BR2011000891
003 BR-BrBNA
005 20231205114429.0
007 ta
008 230509b bl.|||p| |||| 00| 00por d
040 _aBR-BrBNA
_bpor
_cBiblioteca Nacional de Agricultura
041 _a(Pt)
072 _aP34
100 1 _aNovais, C.B. de
100 1 _aSouza, F.A. de
100 1 _aSiqueira, J.O.
245 1 _aCaracterização fenotípica e molecular de esporos de fungos micorrízicos arbusculares mantidos em banco de germoplasma
650 _aMICORRIZA VESICULAR ARBUSCULAR
650 _aFUNGO
650 _aFENÓTIPO
650 _aESPORO
650 _aMARCADOR MOLECULAR
650 _aBIOLOGIA
773 0 _tPesquisa Agropecuária Brasileira (Brazil)
_xISSN 0100-204X
_g(Aug 2010), v. 45(8) p. 806-896
_wBR2011000891
909 _a202311
_bLúcia
_c55
_dLúcia Elande
942 _2AGRIS
_n0
_cANA
999 _c208737
_d208737